| 000 | 00989nam a2200265 i 4500 | ||
|---|---|---|---|
| 001 | 16455 | ||
| 003 | ES-MaACL | ||
| 005 | 20240527195133.0 | ||
| 007 | t| | ||
| 008 | 000922s1974 sp ||||1| spa d | ||
| 020 | _a84-235-0247-3 | ||
| 080 | _a355.483(460)"778"(04) | ||
| 080 | _a9.460"711/1492"(093.3) | ||
| 100 | 1 |
_aJimeno Jurio, José María. _966650 |
|
| 245 | 1 | 1 |
_a¿Dónde fue la batalla "de Roncesvalles"? / _cJosé María Jimeno Jurio. |
| 260 |
_aPamplona : _bInstitución Príncipe de Viana, _c1974. |
||
| 300 |
_a198 p., [1] h. pleg. ; _c22 cm. |
||
| 490 | 1 |
_aColección histórica de la Institución Príncipe de Viana ; _v3 |
|
| 650 | 1 | 4 |
_aRoncesvalles, Batalla de, 778. _916952 |
| 651 | 4 |
_aEspaña- _xHistoria- _y0711-1492, Reconquista. _98217 |
|
| 710 | 2 |
_aInstitución Príncipe de Viana _94730 |
|
| 830 | 0 |
_aColección histórica de la Institución Príncipe de Viana ; _v3 _9179968 |
|
| 852 |
_aES-MaACL _jG-2198 _bR.119320 |
||
| 999 |
_c16455 _d16455 |
||